Gualaceo : atlas cantonal /

Bibliographic Details
Main Author: Alvarado Cando, Paúl (Author)
Format: Electronic eBook
Language:Spanish
Published: Cuenca, Ecuador : Universidad del Azuay, Casa Editora, [2019]
Subjects:
Online Access:Digitalia Hispánica

MARC

LEADER 00000nam a2200000 i 4500
001 DIGUAZUAY0077
003 NyNyDIG
007 cr |||||||||||
008 251215s2019 ec abd ob 001 0 spa d
006 m o d
035 |a (OCoLC)1438847437 
040 |a DGITA  |b eng  |e rda  |e pn  |c DGITA 
020 |a 9789942778925  |q eBook 
020 |z 9789942778918 
043 |a s-ec--- 
050 1 4 |a F3741.A9 ebook 
100 1 |a Alvarado Cando, Paúl,  |e author. 
245 1 0 |a Gualaceo :  |b atlas cantonal /  |c autor, Paúl Alvarado Cando. 
264 1 |a Cuenca, Ecuador :  |b Universidad del Azuay, Casa Editora,  |c [2019] 
300 |a 1 online resource :  |b illustrations, maps, charts. 
336 |a text  |b txt  |2 rdacontent 
337 |a computer  |b c  |2 rdamedia 
338 |a online resource  |b cr  |2 rdacarrier 
347 |a text file  |2 rdaft 
347 |b PDF 
504 |a Includes bibliographical references and indexes. 
588 0 |a Online resource; title from PDF title page (Digitalia, viewed December 15, 2025) 
651 0 |a Gualaceo (Ecuador)  |v Statistics. 
651 0 |a Gualaceo (Ecuador)  |v Maps. 
791 2 |a Digitalia (Firm),  |e distributor. 
793 0 |g Digitalia eBook Collection:  |a Universidad del Azuay 
776 0 8 |i Print version:  |a Alvarado Cando, Paúl.  |t Gualaceo.  |d Cuenca, Ecuador : Universidad del Azuay, Casa Editora, [2019]  |z 9789942778918 
856 4 0 |3 Digitalia Hispánica  |u https://www.digitaliapublishing.com/a/133460/ 
910 |a Premium collection: 2025